Naše Slovensko národné noviny Slovákov v zahraničí

Bibliographic Details
Format: Journal
Language:Slovak
PhysicalDescription:zv. 41 cm
Published: Toronto (Ontario) Pribina Publishing 1997-
Subjects:

MARC

LEADER 00000nas a2200000 a 4500
001 vtls009290276
003 SK-MaSNL
005 20260228162326.0
008 080428c19979999xxcmr p 0 b0slo d
040 |a BA001  |b slo  |c BA001  |d SNK  |e AACR2 
041 0 |a slo 
044 |a xxc  |c CA 
080 |a 050  |2 2001 
080 |a (=162.4)  |2 2001 
245 0 0 |a Naše Slovensko  |b národné noviny Slovákov v zahraničí 
260 |a Toronto (Ontario)  |b Pribina Publishing  |c 1997- 
300 |a zv.  |c 41 cm 
310 |a 1x mesačne 
362 1 |a Roč. 1 (1997)-  |z BA001 
650 0 7 |a Slováci v zahraničí  |2 SNKPH  |9 14695 
655 7 |a krajanské periodiká  |2 SNKPH  |9 110004 
910 |a snk 
999 |c 7573  |d 9503 
952 |0 0  |1 0  |4 0  |7 0  |a SNK  |b SNK  |d 2011-07-25  |i snk2002/1076  |l 0  |o snkČSA 1343/1/1997 D1  |p 17A0708937  |r 2026-02-21 20:06:56  |t č. 1, neúpl.  |w 2026-02-21  |y PREZ 
952 |0 0  |1 0  |4 0  |7 0  |8 2  |a SNK  |b SNK  |d 2008-05-29  |i snk2008/11514  |l 0  |o snkČSA 1343/8/2004  |p 17A0582987  |r 2026-02-21 21:12:15  |t č. 2-5, neúplné  |w 2026-02-21  |y PREZ  |z Chýba č. 1. 
952 |0 0  |1 0  |4 0  |7 0  |8 2  |a SNK  |b SNK  |d 2008-07-16  |i snk2008/14198  |l 0  |o snkČSA 1343/5/2001  |p 17A0582442  |r 2026-02-21 21:30:03  |t č. 1-12  |w 2026-02-21  |y PREZ 
952 |0 0  |1 0  |4 0  |7 0  |8 2  |a SNK  |b SNK  |d 2008-07-16  |i snk2008/14199  |l 0  |o snkČSA 1343/5/2001 D1  |p 17A0582443  |r 2026-02-21 21:30:03  |t č. 1,3-12, neúplné  |w 2026-02-21  |y PREZ  |z Chýba č. 2. 
952 |0 0  |1 0  |4 0  |7 0  |8 2  |a SNK  |b SNK  |d 2008-07-16  |i snk2008/14200  |l 0  |o snkČSA 1343/6/2002 D1  |p 17A0582444  |r 2026-02-21 21:30:03  |t č. 2-12, neúplné  |w 2026-02-21  |y PREZ  |z Chýba č. 1. 
952 |0 0  |1 0  |4 0  |7 0  |8 2  |a SNK  |b SNK  |d 2008-07-16  |i snk2008/14201  |l 0  |o snkČSA 1343/7/2003  |p 17A0582445  |r 2026-02-21 21:30:03  |t č. 1-12, neúplné  |w 2026-02-21  |y PREZ  |z Chýba č. 6. 
952 |0 0  |1 0  |4 0  |7 0  |8 2  |a SNK  |b SNK  |d 2008-07-16  |i snk2008/14202  |l 0  |o snkČSA 1343/7/2003 D1  |p 17A0582446  |r 2026-02-21 21:30:03  |t č. 1-5,9,11,12 neúplné  |w 2026-02-21  |y PREZ  |z Chýba č. 6-8,10. 
952 |0 0  |1 0  |4 0  |7 0  |8 2  |a SNK  |b SNK  |d 2019-05-16  |i snkČV 1079/2002  |l 0  |o snkČSA 1343/4/2000  |p 17A1154729  |r 2026-02-21 22:06:56  |t č. 1-12  |w 2026-02-21  |y PREZ